[Event "Skalica op-B"]
[Site "Skalica"]
[Date "2022.08.25"]
[Round "6"]
[White "Benci, Rudolf"]
[Black "Hrbkova, Johana"]
[Result "1-0"]
[WhiteElo "1545"]
[BlackElo "1228"]
[PlyCount "59"]
[EventDate "2022.08.20"]
[EventType "swiss"]
[EventRounds "9"]
[EventCountry "SVK"]
[SourceTitle "CBM 209 Extra"]
[Source "ChessBase"]
[SourceDate "2022.09.30"]
[SourceVersion "1"]
[SourceVersionDate "2022.09.30"]
[SourceQuality "1"]

1. e4 e5 2. Nf3 Nf6 3. Nxe5 d6 4. Nxf7 Kxf7 5. Nc3 Be6 6. d4 c6 7. Bd3 Qa5 8. 0-0 Be7 9. f4 Bg4 10. Qe1 Re8 11. e5 Nd5 12. Qg3 Bc8 13. Bxh7 Nc7 14. Bd2 Rh8 15. Qg6+ Kf8 16. Rae1 Be6 17. Rf3 Bf7 18. Qf5 Ne6 19. Bg6 Nd8 20. Bxf7 Nxf7 21. Rg3 Bh4 22. Rh3 Rh6 23. Ree3 Qb6 24. Qc8+ Qd8 25. Qf5 Qb6 26. e6 Rf6 27. e7+ Ke8 28. Qc8+ Nd8 29. exd8Q+ Kf7 30. Qe8# 1-0

[Event "CZE-ch U12 Girls"]
[Site "Kouty nad Desnou"]
[Date "2020.03.12"]
[Round "7"]
[White "Hrbkova, Johana"]
[Black "Dudkova, Josefina"]
[Result "0-1"]
[WhiteElo "1183"]
[BlackElo "1487"]
[PlyCount "56"]
[EventDate "2020.03.07"]
[EventType "swiss"]
[EventRounds "7"]
[EventCountry "CZE"]
[SourceTitle "CBM 195 Extra"]
[Source "ChessBase"]
[SourceDate "2020.05.31"]
[SourceVersion "1"]
[SourceVersionDate "2020.05.31"]
[SourceQuality "1"]

1. d4 Nf6 2. Nc3 d5 3. Bg5 Bf5 4. e3 e6 5. Bd3 Bxd3 6. Qxd3 Nbd7 7. Nf3 Be7 8. 0-0 0-0 9. Ne2 Ne4 10. Bf4 c5 11. c4 Nb6 12. b3 Rc8 13. Rac1 f6 14. h3 Qd7 15. cxd5 Qxd5 16. Rfd1 Rfd8 17. Bh2 e5 18. Ne1 cxd4 19. Rxc8 Rxc8 20. exd4 Bd6 21. dxe5 Qxd3 22. Rxd3 Bxe5 23. Bxe5 fxe5 24. Re3 Nf6 25. Rxe5 Rd8 26. Nf3 Rd1+ 27. Kh2 Ra1 28. Nc3 Rc1 0-1

[Event "CZE-ch U12 Girls"]
[Site "Kouty nad Desnou"]
[Date "2020.03.10"]
[Round "5"]
[White "Cinkova, Vicky"]
[Black "Hrbkova, Johana"]
[Result "1-0"]
[WhiteElo "1221"]
[BlackElo "1183"]
[PlyCount "61"]
[EventDate "2020.03.07"]
[EventType "swiss"]
[EventRounds "7"]
[EventCountry "CZE"]
[SourceTitle "CBM 195 Extra"]
[Source "ChessBase"]
[SourceDate "2020.05.31"]
[SourceVersion "1"]
[SourceVersionDate "2020.05.31"]
[SourceQuality "1"]

1. d4 d5 2. e3 c5 3. c3 Nf6 4. Bd3 Bg4 5. Qc2 e6 6. f4 c4 7. Be2 Bf5 8. Qd1 Ne4 9. Nf3 Be7 10. 0-0 0-0 11. Bd2 h5 12. Be1 Kh7 13. Nbd2 Nd7 14. Nxe4 Bxe4 15. b3 b5 16. a4 a6 17. axb5 axb5 18. Rxa8 Qxa8 19. Ng5+ Bxg5 20. fxg5 Qa2 21. bxc4 bxc4 22. Bf3 Bd3 23. Rf2 Qb3 24. Bxh5 Nb6 25. Qg4 Kg8 26. g6 fxg6 27. Qxe6+ Kh7 28. Rxf8 Qb1 29. Bxg6+ Bxg6 30. Qh3+ Bh5 31. Qxh5# 1-0

[Event "CZE-ch U10 Girls"]
[Site "Kouty nad Desnou"]
[Date "2017.03.17"]
[Round "8"]
[White "Souralova, Jana"]
[Black "Hrbkova, Johana"]
[Result "0-1"]
[WhiteElo "1000"]
[BlackElo "1000"]
[PlyCount "134"]
[EventDate "2017.03.11"]
[EventType "swiss"]
[EventRounds "9"]
[EventCountry "CZE"]
[SourceTitle "CBM 177 Extra"]
[Source "ChessBase"]
[SourceDate "2017.04.27"]
[SourceVersion "1"]
[SourceVersionDate "2017.04.27"]
[SourceQuality "1"]

1. e4 e5 2. Nf3 Nc6 3. Bc4 Bc5 4. d3 h6 5. 0-0 Nf6 6. Nc3 0-0 7. Be3 Bb6 8. Bxb6 axb6 9. Qd2 d6 10. h3 Nh7 11. Kh1 Qf6 12. Nd5 Qd8 13. Kg1 Nf6 14. Bb5 Nxd5 15. exd5 Na7 16. Bc4 Qf6 17. Qd1 Qg6 18. Kh1 Qh5 19. Kg1 b5 20. Bb3 Bf5 21. c4 bxc4 22. dxc4 e4 23. Nd4 Qg6 24. Nxf5 Qxf5 25. Bc2 Rae8 26. f3 Qg5 27. fxe4 Qh4 28. Ba4 Re5 29. Bc2 Rg5 30. Rf2 Qxh3 31. Qf3 Qh4 32. g3 Qh3 33. Qg2 Qh5 34. Bd1 Qg6 35. Rf5 Re8 36. Rxg5 Qxg5 37. Ba4 Re5 38. Rf1 Qg6 39. Qd2 Qxg3+ 40. Qg2 Qe3+ 41. Rf2 Rg5 42. Kf1 Qc1+ 43. Ke2 Qxb2+ 44. Kf3 Qf6+ 45. Ke2 Qb2+ 46. Kf3 Qc3+ 47. Ke2 Rxg2 48. Rxg2 Qxc4+ 49. Ke1 Qxe4+ 50. Re2 Qxa4 51. Re8+ Qxe8+ 52. Kd1 Qe3 53. Kc2 Nb5 54. a4 Qe4+ 55. Kb2 Qxa4 56. Kb1 Qb3+ 57. Kc1 Qa2 58. Kd1 Qb2 59. Ke1 Qc2 60. Kf1 Qd2 61. Kg1 Qe2 62. Kh1 Kh7 63. Kg1 Kg6 64. Kh1 Kh5 65. Kg1 Kg4 66. Kh1 Kg3 67. Kg1 Qg2# 0-1

[Event "CZE-ch U10 Girls"]
[Site "Kouty nad Desnou"]
[Date "2017.03.16"]
[Round "7"]
[White "Hrbkova, Johana"]
[Black "Coufalova, Laura"]
[Result "1-0"]
[WhiteElo "1000"]
[BlackElo "1100"]
[PlyCount "57"]
[EventDate "2017.03.11"]
[EventType "swiss"]
[EventRounds "9"]
[EventCountry "CZE"]
[SourceTitle "CBM 177 Extra"]
[Source "ChessBase"]
[SourceDate "2017.04.27"]
[SourceVersion "1"]
[SourceVersionDate "2017.04.27"]
[SourceQuality "1"]

1. e4 e5 2. Nf3 Nc6 3. Bc4 Bc5 4. Nc3 Nf6 5. 0-0 0-0 6. d3 d6 7. h3 Be6 8. Bb3 Bxb3 9. axb3 d5 10. Bg5 Be7 11. Qe2 Nd4 12. Qd1 Nxf3+ 13. Qxf3 dxe4 14. dxe4 h6 15. Be3 a6 16. Qg3 Nh5 17. Qxe5 Nf6 18. Rfd1 Bd6 19. Qf5 g6 20. Qf3 Qe7 21. Bxh6 Rfe8 22. Re1 Bb4 23. Bg5 Kg7 24. e5 Qd7 25. Qxf6+ Kh7 26. Re4 Bf8 27. Rh4+ Bh6 28. Rxh6+ Kg8 29. Rh8# 1-0

[Event "CZE-ch U10 Girls"]
[Site "Kouty nad Desnou"]
[Date "2017.03.13"]
[Round "3"]
[White "Archlebova, Stela"]
[Black "Hrbkova, Johana"]
[Result "1-0"]
[WhiteElo "1078"]
[BlackElo "1000"]
[PlyCount "85"]
[EventDate "2017.03.11"]
[EventType "swiss"]
[EventRounds "9"]
[EventCountry "CZE"]
[SourceTitle "CBM 177 Extra"]
[Source "ChessBase"]
[SourceDate "2017.04.27"]
[SourceVersion "1"]
[SourceVersionDate "2017.04.27"]
[SourceQuality "1"]

1. e4 e5 2. Nf3 Nc6 3. Nc3 Nf6 4. Bc4 Bc5 5. d3 d6 6. 0-0 Bg4 7. h3 Be6 8. Bb3 Qe7 9. Re1 0-0-0 10. Be3 Bb6 11. Bxe6+ Qxe6 12. Ng5 Qe7 13. Qe2 h6 14. Nd5 Nxd5 15. exd5 hxg5 16. dxc6 bxc6 17. Bxb6 axb6 18. d4 Rde8 19. Rad1 Kd8 20. dxe5 f6 21. e6 Rh6 22. Qa6 Qf8 23. e7+ Rxe7 24. Qa8+ Kd7 25. Qxf8 Re5 26. Rxe5 fxe5 27. Qxg7+ Ke8 28. Qxh6 Kd7 29. Qxg5 c5 30. Qg7+ Kc6 31. b4 cxb4 32. h4 d5 33. h5 Kd6 34. h6 Ke6 35. h7 d4 36. h8Q Kd6 37. Rxd4+ exd4 38. Qh5 Kc6 39. Qgg6+ Kb7 40. Qhh6 Kc8 41. Qc6 Kb8 42. Qh8+ Ka7 43. Qca8# 1-0

[Event "CZE-ch U10 Girls"]
[Site "Kouty nad Desnou"]
[Date "2017.03.13"]
[Round "4"]
[White "Hladka, Leontyna"]
[Black "Hrbkova, Johana"]
[Result "0-1"]
[WhiteElo "1000"]
[BlackElo "1000"]
[PlyCount "48"]
[EventDate "2017.03.11"]
[EventType "swiss"]
[EventRounds "9"]
[EventCountry "CZE"]
[SourceTitle "CBM 177 Extra"]
[Source "ChessBase"]
[SourceDate "2017.04.27"]
[SourceVersion "1"]
[SourceVersionDate "2017.04.27"]
[SourceQuality "1"]

1. e4 e5 2. Nf3 Nc6 3. Bc4 Bc5 4. c3 Nf6 5. d4 exd4 6. cxd4 Bb4+ 7. Bd2 Nxe4 8. 0-0 d5 9. Re1 Bg4 10. Nc3 Bf5 11. Qb3 dxc4 12. Qxc4 Qe7 13. Bg5 f6 14. a3 Ba5 15. b4 Bb6 16. b5 Na5 17. Qa2 fxg5 18. Rad1 g4 19. h3 gxf3 20. Nd5 Qe6 21. Nxb6 axb6 22. Rc1 Qxa2 23. Rxc7 Qxf2+ 24. Kh1 Qxg2# 0-1